লোডিং...

Human rights, human wrongs: The oxford Amnesty Lectures 2001/

গ্রন্থ-পঞ্জীর বিবরন
অন্যান্য লেখক: Owen, Nicholas Ed
বিন্যাস: Printed Book
প্রকাশিত: New Delhi : Oxford University Press , 2003.
বিষয়গুলি:
LEADER 00506cam a2200145ua 4500
999 |c 37954  |d 37954 
020 |a 0092802194 
082 1 4 |a 323.044  |b HUM 
245 0 0 |a Human rights, human wrongs:   |b The oxford Amnesty Lectures 2001/ 
260 |a New Delhi :   |b Oxford University Press ,   |c 2003. 
300 |a 358P. ;  
650 0 |a Human rights  |a Human rights Advocacy 
700 |a Owen, Nicholas Ed. 
942 |c BK 
952 |0 0  |1 0  |4 0  |6 323_044000000000000_HUM  |7 0  |9 48614  |a KU  |b KU  |d 2015-07-05  |l 0  |o 323.044 HUM  |p AN02346  |r 2015-07-05  |y BK